| 000 | 00420nam a2200181Ia 4500 | ||
|---|---|---|---|
| 005 | 20250423101105.0 | ||
| 008 | 250422s9999 xx 000 0 und d | ||
| 020 | _a0-465-08362-5 | ||
| 050 | _aLB1775.J546 | ||
| 100 | _aSusan Moore Johnson | ||
| 245 | 0 | _aTeachers At Work | |
| 260 | _aNew York | ||
| 260 | _bBasic Books, Inc Piblishers | ||
| 260 | _c1990 | ||
| 300 | _a395 p | ||
| 650 | _aTeaching | ||
| 942 | _cBK | ||
| 999 |
_c35256 _d35256 |
||